Southville International School and Colleges
Your cart is empty.
  • Cart
  • Lists
    Public lists Eva Luna New books Lux_list list_1
    Your lists Log in to create your own lists
  • Log in to your account
  • Your cookies
  • Search history
Southville International School and Colleges
  • Advanced search
  • Recent comments
  • Most popular
  • Libraries

Log in to your account

Log in with GOOGLE


If you do not have an external account, but do have a local account, you can still log in:

  1. Home
  2. MARC view: Kaizen :
Normal view MARC view ISBD view

Kaizen : (Record no. 368457)

[ view plain ]
MARC details
000 -LEADER
fixed length control field 00940nam a22002297a 4500
003 - CONTROL NUMBER IDENTIFIER
control field 0
005 - DATE AND TIME OF LATEST TRANSACTION
control field 20251104134120.0
008 - FIXED-LENGTH DATA ELEMENTS--GENERAL INFORMATION
fixed length control field 251104b xxu||||| |||| 00| 0 eng d
020 ## - INTERNATIONAL STANDARD BOOK NUMBER
International Standard Book Number 978-1-5290-0535-6
050 ## - LIBRARY OF CONGRESS CALL NUMBER
Classification number BF 637.S8
Item number .H37 2019
100 ## - MAIN ENTRY--PERSONAL NAME
Personal name Harvey, Sarah,
Relator term author.
245 ## - TITLE STATEMENT
Title Kaizen :
Remainder of title the Japanese method for transforming habits, one small step at a time /
Statement of responsibility, etc Sarah Harvey.
260 ## - PUBLICATION, DISTRIBUTION, ETC. (IMPRINT)
Place of publication, distribution, etc London :
Name of publisher, distributor, etc Bluebird Books for Life, an imprint of Pan Macmillan,
Date of publication, distribution, etc 2019.
300 ## - PHYSICAL DESCRIPTION
Extent 272 pages :
Other physical details color illustrations ;
Dimensions 19 cm.
520 ## - SUMMARY, ETC.
Summary, etc Explains how to apply the Japanese philosophy of kaizen—continuous improvement through small, incremental changes—to everyday habits and personal growth.
650 ## - SUBJECT ADDED ENTRY--TOPICAL TERM
Topical term or geographic name as entry element Self-management.
650 ## - SUBJECT ADDED ENTRY--TOPICAL TERM
Topical term or geographic name as entry element Self-actualization (Psychology).
650 ## - SUBJECT ADDED ENTRY--TOPICAL TERM
Topical term or geographic name as entry element Success
General subdivision Psychological aspects.
650 ## - SUBJECT ADDED ENTRY--TOPICAL TERM
Topical term or geographic name as entry element Organizational effectiveness.
650 ## - SUBJECT ADDED ENTRY--TOPICAL TERM
Topical term or geographic name as entry element Organizational change.
942 ## - ADDED ENTRY ELEMENTS (KOHA)
Source of classification or shelving scheme Library of Congress Classification
Koha item type Books
Holdings
Withdrawn status Lost status Source of classification or shelving scheme Damaged status Home library Current library Shelving location Date acquired Source of acquisition Sub Shelving location Total Checkouts Full call number Barcode Date last seen Price effective from Koha item type
    Library of Congress Classification   Luxembourg Library Luxembourg Library High School Section 11/19/2024 Library Fund     BF 637.S8 .H37 2019 21374 11/04/2025 11/04/2025 Books

Kaizen :

APA

Harvey S., . (2019). Kaizen. London: Bluebird Books for Life, an imprint of Pan Macmillan.

Chicago

Harvey Sarah, . 2019. Kaizen. London: Bluebird Books for Life, an imprint of Pan Macmillan.

Harvard

Harvey S., . (2019). Kaizen. London: Bluebird Books for Life, an imprint of Pan Macmillan.

MLA

Harvey Sarah, . Kaizen. London: Bluebird Books for Life, an imprint of Pan Macmillan. 2019.

  • Place hold
  • Print
  • Cite
  • Add to your cart (remove)
  • Save record
    BIBTEX Dublin Core MARCXML MARC (non-Unicode/MARC-8) MARC (Unicode/UTF-8) MARC (Unicode/UTF-8, Standard) MODS (XML) RIS
  • More searches
    Search for this title in:
    Other Libraries (WorldCat) Other Databases (Google Scholar) Online Stores (Bookfinder.com) Open Library (openlibrary.org)

Exporting to Dublin Core...

SOUTHVILLE LIBRARY

Southville International School and Colleges Library

1281 Tropical Ave. Cor. Luxembourg St., BF Homes International, Las Pinas City

Tel. No. 8256374 / 252358 Loc. 117/146

Powered by Koha